Central Library OPAC University of Rajshahi

Algebra : (Record no. 30240)

MARC details
000 -LEADER
fixed length control field 01104nam a2200325 a 4500
001 - CONTROL NUMBER
control field 30240
003 - CONTROL NUMBER IDENTIFIER
rucl marc code BD-RjUL
005 - DATE AND TIME OF LATEST TRANSACTION
control field 20211209051532.0
008 - FIXED-LENGTH DATA ELEMENTS--GENERAL INFORMATION
fixed length control field 141110r20101994riua 001 0 eng
020 ## - INTERNATIONAL STANDARD BOOK NUMBER
International Standard Book Number 9780821852149
International Standard Book Number 0821847996 (alk. paper)
035 ## - SYSTEM CONTROL NUMBER
System control number (OCoLC)ocn268957379
System control number (BD-RjUL)30325
040 ## - CATALOGING SOURCE
Original cataloging agency DLC
Transcribing agency DLC
Modifying agency BTCTA
-- YDXCP
-- C#P
-- BWX
-- UKM
-- DLC
Language of cataloging eng
041 ## - LANGUAGE CODE
Language code of text/sound track or separate title eng
082 00 - DEWEY DECIMAL CLASSIFICATION NUMBER
Classification number 512
Edition number 22
Author mark and year ISA 2010
100 1# - MAIN ENTRY--PERSONAL NAME
Personal name Isaacs, I. Martin,
Dates associated with a name 1940-
9 (RLIN) 113851
245 10 - TITLE STATEMENT
Title Algebra :
Remainder of title a graduate course /
Statement of responsibility, etc. I. Martin Isaacs.
260 ## - PUBLICATION, DISTRIBUTION, ETC. (IMPRINT)
Place of publication, distribution, etc. Providence, R.I. :
Name of publisher, distributor, etc. American Mathematical Society,
Date of publication, distribution, etc. c1994 [reprint 2010]
300 ## - PHYSICAL DESCRIPTION
Pagination xii, 516 p. :
Illustrations ill. ;
Size 24 cm.
490 1# - SERIES STATEMENT
Series statement Graduate studies in mathematics ;
Volume/sequential designation v. 100
500 ## - GENERAL NOTE
General note Originally published: Pacific Grove, Calif. : Brooks/Cole, c1994.
504 ## - BIBLIOGRAPHY, ETC. NOTE
Bibliography, etc Includes bibliographical references and index.
650 #0 - SUBJECT ADDED ENTRY--TOPICAL TERM
Topical term or geographic name as entry element Algebra
Form subdivision Textbooks.
9 (RLIN) 113852
830 #0 - SERIES ADDED ENTRY--UNIFORM TITLE
Volume number/sequential designation v. 100.
Uniform title Graduate studies in mathematics ;
942 ## - ADDED ENTRY ELEMENTS (KOHA)
Source of classification or shelving scheme Dewey Decimal Classification
Koha item type Books
Holdings
Lost status Source of classification or shelving scheme Damaged status Not for loan Collection code Permanent Location Current Location Shelving location Date acquired Source of acquisition Cost, normal purchase price Total Checkouts Full call number Date last seen Copy number Koha item type
  Dewey Decimal Classification   Not For Loan Non-fiction Central Library, University of Rajshahi Central Library, University of Rajshahi Reading Room 22/07/2014 Chittagong, Battighar 1700.50   512 ISA 2010 10/11/2014 C-1 Books
  Dewey Decimal Classification     Non-fiction Central Library, University of Rajshahi Central Library, University of Rajshahi   22/07/2014 Chittagong, Battighar 1700.50   512 ISA 2010 10/11/2014 C-2 Books